Quản lý và khai thác đường ôtô

Kaydedildi:
Detaylı Bibliyografya
Yazar: Doãn Hoa
Materyal Türü: Kitap
Dil:Undetermined
Baskı/Yayın Bilgisi: Hà Nội Xây dựng 2004
Konular:
Etiketler: Etiketle
Etiket eklenmemiş, İlk siz ekleyin!
Thư viện lưu trữ: Trung tâm Học liệu Trường Đại học Cần Thơ
LEADER 00533nam a2200181Ia 4500
001 CTU_62465
008 210402s9999 xx 000 0 und d
020 |b 92000 
082 |a 625.7 
082 |b H401 
100 |a Doãn Hoa 
245 0 |a Quản lý và khai thác đường ôtô 
260 |a Hà Nội 
260 |b Xây dựng 
260 |c 2004 
650 |a roads 
650 |x design and construction,design and construction,design and construction 
980 |a Trung tâm Học liệu Trường Đại học Cần Thơ